Statystyki dla Losowe województwa na mapie Polski

Kliknij tutaj aby rozwiązać quiz!

Ogólne statystyki

  • Ten quiz został rozwiązany 284 razy
  • Średni wynik to 5 z 5

Odpowiedzi na mapie

Odpowiedzi skodowane kolorowo w zielono-czerwonej skali na mapie do tego quizu, zgodnie z poniższymi procentami.
 

Statystyki odpowiedzi

Województwa% Poprawnych
Łódzkie
100%
Lubelskie
100%
Lubuskie
100%
Mazowieckie
100%
Opolskie
100%
Podkarpackie
100%
Podlaskie
100%
Pomorskie
100%
Śląskie
100%
Świętokrzyskie
100%
Warmińsko - mazurskie
100%
Wielkopolskie
100%
Małopolskie
88%
Dolnośląskie
86%
Zachodniopomorskie
86%
Kujawsko - pomorskie
80%

Rozkład punktacji

Percentyl według liczby udzielonych odpowiedzi

Procent ludzi z każdym wynikiem

Twoja historia wyników

Nie rozwiązałeś tego quizu